000 01473nam a2200289 i 4500
001 154405
003 ES-MaACL
005 20250809014622.0
008 931025s1671 fr |||| | lat d
040 _aSR
_bspa
_cPAB
100 1 _aGómez Bayo.
_957832
245 1 0 _aD. D. Gomezii Bayo ... Praxis ecclesiastica et saecularis
_b: in tres partes distributa, I : jurisdictionem ecclesiasticam, civilem et criminalem, ordinariam & delegatam octo libris complectitur, II : tractat de causis matrimonialibus, beneficialibus, dispensationibus & facultatibus Nuncii Apostolici, & commissarii cruciatae, III : plurimas quaestiones ad utrumque forum spectantes de rescriptis, clausulis ... tandemque repertorium ...
250 _aNunc primum typis lugdunensibus in lucem prodit.
260 _aLugduni :
_bex officina Anissoniana,
_c1671.
300 _a[16], 436, [44] p. ;
_cFol.
594 _aTexto de la I y II parte en español.
595 _aPodrían existir dos ed. con igual pie de imp., que se distinguirían por utilizar la "v" o la "u"
596 _aMarca tip. grab. xil.: "Papillon f.", en port.
597 _aSign.: a-b4, A-Z6, 2A-2R6.
597 _aPort. a dos tintas.
597 _aTexto a dos col.
650 0 7 _aDerecho canónico
_2embne
_911655
650 0 7 _aDerecho eclesiástico
_2embne
_911703
852 _aES-MaACL
_jR-3354
_z-- Enc. perg.
_x-- Edic.: en esta ed. se utiliza la "v"
999 _c154405
_d154405